Thực hành xử lý nhanh văn bản với Microsoft word 2002

שמור ב:
מידע ביבליוגרפי
מחבר ראשי: LỮ ĐỨC HÀO
פורמט: ספר
שפה:Undetermined
יצא לאור: Tp. HCM Thống Kê 2002
נושאים:
תגים: הוספת תג
אין תגיות, היה/י הראשונ/ה לתייג את הרשומה!
Thư viện lưu trữ: Trung tâm Học liệu Trường Đại học Cần Thơ
LEADER 00512nam a2200169Ia 4500
001 CTU_50633
008 210402s9999 xx 000 0 und d
082 |a 005.3 
082 |b H108 
100 |a LỮ ĐỨC HÀO 
245 0 |a Thực hành xử lý nhanh văn bản với Microsoft word 2002 
245 0 |c LỮ ĐỨC HÀO 
260 |a Tp. HCM 
260 |b Thống Kê 
260 |c 2002 
650 |a word ( computer programs ) 
980 |a Trung tâm Học liệu Trường Đại học Cần Thơ